<?xml version='1.0' encoding='UTF-8'?>
  <record xmlns="http://www.loc.gov/MARC21/slim">
    <leader>00000cam a22000007i 4500</leader>
    <controlfield tag="001">ocm65920964</controlfield>
    <controlfield tag="003">OCoLC</controlfield>
    <controlfield tag="005">20240127100239.6</controlfield>
    <controlfield tag="008">921020m15901592gw            001 0 ger d</controlfield>
    <datafield tag="040" ind1=" " ind2=" ">
      <subfield code="a">NLGGC</subfield>
      <subfield code="b">eng</subfield>
      <subfield code="e">rda</subfield>
      <subfield code="e">dcrmr</subfield>
      <subfield code="c">NLGGC</subfield>
      <subfield code="d">QGJ</subfield>
      <subfield code="d">OCL</subfield>
      <subfield code="d">OCLCO</subfield>
      <subfield code="d">OCLCL</subfield>
    </datafield>
    <datafield tag="029" ind1="0" ind2=" ">
      <subfield code="a">NLGGC</subfield>
      <subfield code="b">099594986</subfield>
    </datafield>
    <datafield tag="035" ind1=" " ind2=" ">
      <subfield code="a">(OCoLC)65920964</subfield>
    </datafield>
    <datafield tag="100" ind1="1" ind2=" ">
      <subfield code="a">Eytzinger, Michael,</subfield>
      <subfield code="d">-1598,</subfield>
      <subfield code="e">author.</subfield>
      <subfield code="4">aut</subfield>
      <subfield code="1">https://id.oclc.org/worldcat/entity/E39PBJjmQWMhp9XqdDpkkPHV4q</subfield>
    </datafield>
    <datafield tag="240" ind1="1" ind2="0">
      <subfield code="a">Relatio historica</subfield>
    </datafield>
    <datafield tag="245" ind1="1" ind2="4">
      <subfield code="a">Der erst [-vierte] Thayl Relationum historicarum. Das ist Der Historischen Relationen, ...  /</subfield>
      <subfield code="c">durch Michael Eyzinger auß Osterreich beschrieben.</subfield>
    </datafield>
    <datafield tag="246" ind1="3" ind2=" ">
      <subfield code="a">Der erst [-vierte] Thayl Relationvm historicarvm. Das ist Der historischen Relationen</subfield>
    </datafield>
    <datafield tag="246" ind1="3" ind2=" ">
      <subfield code="a">Relationes historicae, das is Der historischen Relationen</subfield>
    </datafield>
    <datafield tag="264" ind1=" " ind2="1">
      <subfield code="a">Gedruckt zu Cölln, auff der Burgmawrn, :</subfield>
      <subfield code="b">bey Godtfridt von Kempen.</subfield>
      <subfield code="c">Anno 1590-1592.</subfield>
    </datafield>
    <datafield tag="300" ind1=" " ind2=" ">
      <subfield code="a">4 volumes in 1 ([8], 187 [that is 186]; 8, 171; [8], 129 [that is 127]; [8], 218 pages) ;</subfield>
      <subfield code="c">20 cm (4to)</subfield>
    </datafield>
    <datafield tag="336" ind1=" " ind2=" ">
      <subfield code="a">text</subfield>
      <subfield code="b">txt</subfield>
      <subfield code="2">rdacontent</subfield>
    </datafield>
    <datafield tag="337" ind1=" " ind2=" ">
      <subfield code="a">unmediated</subfield>
      <subfield code="b">n</subfield>
      <subfield code="2">rdamedia</subfield>
    </datafield>
    <datafield tag="338" ind1=" " ind2=" ">
      <subfield code="a">volume</subfield>
      <subfield code="b">nc</subfield>
      <subfield code="2">rdacarrier</subfield>
    </datafield>
    <datafield tag="340" ind1=" " ind2=" ">
      <subfield code="m">4to</subfield>
      <subfield code="2">rdabf</subfield>
    </datafield>
    <datafield tag="500" ind1=" " ind2=" ">
      <subfield code="a">Includes indexes.</subfield>
    </datafield>
    <datafield tag="500" ind1=" " ind2=" ">
      <subfield code="a">Signatures: volume 1: A-B⁴ C² D-Z⁴ Aa⁴; volume 2: A-Y⁴ Z²; G3 missigned F3, N1 missigned M1; volume 3: A-R⁴; B3 missigned A3, D4 missigned D2; volume 4: ([three points)]⁴ A-Z⁴ Aa-Dd⁴ Ee¹; D2 missigned D3,</subfield>
    </datafield>
    <datafield tag="510" ind1="4" ind2=" ">
      <subfield code="3">volume 1</subfield>
      <subfield code="a">Verzeichnis der im deutschen Sprachbereich erschienenen Drucke des 16. Jahrhunderts (VD 16),</subfield>
      <subfield code="c">E 4795</subfield>
    </datafield>
    <datafield tag="510" ind1="4" ind2=" ">
      <subfield code="3">volume 2</subfield>
      <subfield code="a">Verzeichnis der im deutschen Sprachbereich erschienenen Drucke des 16. Jahrhunderts (VD 16),</subfield>
      <subfield code="c">E 4801</subfield>
    </datafield>
    <datafield tag="510" ind1="4" ind2=" ">
      <subfield code="3">volume 3</subfield>
      <subfield code="a">Verzeichnis der im deutschen Sprachbereich erschienenen Drucke des 16. Jahrhunderts (VD 16),</subfield>
      <subfield code="c">E 4803</subfield>
    </datafield>
    <datafield tag="510" ind1="4" ind2=" ">
      <subfield code="3">volume 4</subfield>
      <subfield code="a">Verzeichnis der im deutschen Sprachbereich erschienenen Drucke des 16. Jahrhunderts (VD 16),</subfield>
      <subfield code="c">E 4807</subfield>
    </datafield>
    <datafield tag="505" ind1="0" ind2=" ">
      <subfield code="a">I. Der Erst Thayl Relationum Historicarum. Das ist  ist Der Historischen Relationen, welche in sich ordenlich nacheinander begreiffen, was, so wol, jm Heyligen Römischen Reich Teutscher Nation, als in Hispanien ...  vnd andern Königreichen ... nach absterben Maximiliani des andern ... Römischen Keysers zugetragen, biß auff gegenwürtigs Jarhs ... 1590. Jnsonderheyt aber Was sich anfangs verloffen jm Niderlandt: jm Königlichen Römischen Stuel Ach: jm ... Ertzstifft Cölln: in Westphalen vnnd andern daran gelegnen orten ...  biß auff die zeyt, da der Ertzbischoff von Cölln/ Gebhard Truckseß, die Catholisch Religion verändert, Alles Von newem beschriebent vnd ... corrigiert -- II. Der Ander Thayl Relationum Historicarum. Daß ist, Der Historischen Relationen oder Beschreybung, Jnsonderheit aber Wie sich der Cöllnisch handel vnder Gebhardt Trucksessen, dem gewesenen Churfürsten von Cölln ... angefangen, vnd von der zeyt, als er die Religion verandert hat, abgelauffen, biß der ... Furst ... Ernestus, Hertzog von Beyrn, zum Churfursten von Cölln erwehlt. Sampt dem was sich sonst inn Teutschlandt, Franckreich, Nider vnd andern Ländern ...  zugetragen. Alles weytleuffiger vnnd ordentlicher beschreben dan zuuor nie geschehen -- III. Der Dritte Theyl Relationum Historicarum Das ist, Der Historischen Relationen oder Beschreibung, Jnsonderheit aber: Wie sich der Cöllnisch handel,... angelassen. ... Sampt dem, was sich sonst allenthalben in Europa, sonderlich, in Engellandt, ranckreich, Hoch vnnd Nider Teutschlandt, fehrner zugetragen. Mit fleiß Beschriben, Vbersehen, Corrigiert -- IV. Der Vierte Theil, Relationum Historicarum, Das ist, Der Historischen Relationen vnnd Beschreibung, Wie Jnsonderheit sich nach dem Achischn vnd Cöllnischen Handel, auch der Straßburgisch, im Heiligen Reich Teutscher Nation erhebt, vnnd seinen fortgang genommen hatt. Sampt dem was sich auch sonst hin vnd wider in Europa, als Franckreich vnd Engellandt, auch andern orten allenthalben zugetragen</subfield>
    </datafield>
    <datafield tag="651" ind1=" " ind2="0">
      <subfield code="a">Holy Roman Empire</subfield>
      <subfield code="x">History.</subfield>
    </datafield>
    <datafield tag="651" ind1=" " ind2="6">
      <subfield code="a">Saint Empire romain germanique</subfield>
      <subfield code="x">Histoire.</subfield>
    </datafield>
    <datafield tag="651" ind1=" " ind2="7">
      <subfield code="a">Europe</subfield>
      <subfield code="z">Holy Roman Empire</subfield>
      <subfield code="2">fast</subfield>
    </datafield>
    <datafield tag="655" ind1=" " ind2="7">
      <subfield code="a">History</subfield>
      <subfield code="2">fast</subfield>
    </datafield>
    <datafield tag="700" ind1="1" ind2=" ">
      <subfield code="a">Kempen, Gottfried von,</subfield>
      <subfield code="d">active 1576-1598,</subfield>
      <subfield code="e">printer.</subfield>
      <subfield code="4">prt</subfield>
      <subfield code="1">https://id.oclc.org/worldcat/entity/E39PBJrrvhcw4wP6P8T9fvRR8C</subfield>
    </datafield>
    <datafield tag="700" ind1="0" ind2=" ">
      <subfield code="a">Rudolf</subfield>
      <subfield code="b">II,</subfield>
      <subfield code="c">Holy Roman Emperor,</subfield>
      <subfield code="d">1552-1612,</subfield>
      <subfield code="e">dedicatee.</subfield>
      <subfield code="4">dte</subfield>
      <subfield code="1">https://id.oclc.org/worldcat/entity/E39PCjCMqJHqcmfYgwmpk8YbMP</subfield>
    </datafield>
    <datafield tag="700" ind1="0" ind2=" ">
      <subfield code="a">Ernst,</subfield>
      <subfield code="c">Archduke of Austria,</subfield>
      <subfield code="d">1553-1595,</subfield>
      <subfield code="e">dedicatee.</subfield>
      <subfield code="4">dte</subfield>
      <subfield code="1">https://id.oclc.org/worldcat/entity/E39PCjJHkrjGKd3rcxKD8TpvDy</subfield>
    </datafield>
    <datafield tag="700" ind1="0" ind2=" ">
      <subfield code="a">Matthias,</subfield>
      <subfield code="c">Holy Roman Emperor,</subfield>
      <subfield code="d">1557-1619,</subfield>
      <subfield code="e">dedicatee.</subfield>
      <subfield code="4">dte</subfield>
      <subfield code="1">https://id.oclc.org/worldcat/entity/E39PBJrRdrdgHvgJdhbXVhhj4q</subfield>
    </datafield>
    <datafield tag="700" ind1="0" ind2=" ">
      <subfield code="a">Maximilian,</subfield>
      <subfield code="c">Archduke of Austria,</subfield>
      <subfield code="d">1558-1618,</subfield>
      <subfield code="e">dedicatee.</subfield>
      <subfield code="4">dte</subfield>
      <subfield code="1">https://id.oclc.org/worldcat/entity/E39PBJxcTGJmQBTcrkDqqkc773</subfield>
    </datafield>
    <datafield tag="752" ind1=" " ind2=" ">
      <subfield code="a">Germany</subfield>
      <subfield code="d">Cologne</subfield>
      <subfield code="2">naf</subfield>
      <subfield code="e">publication place.</subfield>
      <subfield code="4">pup</subfield>
    </datafield>
    <datafield tag="758" ind1=" " ind2=" ">
      <subfield code="i">has work:</subfield>
      <subfield code="a">Der erst [-vierte] Thayl Relationum historicarum, das ist Der historischen Relationen, welche in sich ordenlich nacheinander begreiffen (Text)</subfield>
      <subfield code="1">https://id.oclc.org/worldcat/entity/E39PCYXMJrHgtD686Gv6RGqBWC</subfield>
      <subfield code="4">https://id.oclc.org/worldcat/ontology/hasWork</subfield>
    </datafield>
  </record>